[Event "Deutsche Ländermeisterschaft 2018"]
[Site "Würzburg GER"]
[Date "2018.10.05"]
[Round "5"]
[White "Garbuz, Vitaliy"]
[Black "Doll, Alexander"]
[Result "1-0"]
[Termination "normal"]
[Board "4.3"]
[WhiteElo "2182"]
[BlackElo "2153"]
[WhiteClock "00:44:51"]
[BlackClock "00:59:37"]
[WhiteTeam "Nordrhein-Westfalen"]
[BlackTeam "Baden 2"]
[PlyCount "131"]
[WhiteFideId "12990710"]
[BlackFideId "16228294"]
[EventCountry "GER"]
[EventRounds "7"]
[EventType "team-swiss"]
[EventDate "2018.10.02"]

1. e4 {[%clk 1:30:58]} e5 {[%clk 1:30:54]} 2. Nf3 {[%clk 1:31:23]} Nc6 {[%clk
1:31:20]} 3. d4 {[%clk 1:31:42]} exd4 {[%clk 1:31:44]} 4. Bc4 {[%clk 1:32:06]}
Nf6 {[%clk 1:32:11]} 5. e5 {[%clk 1:32:30]} d5 {[%clk 1:32:38]} 6. Bb5 {[%clk
1:32:55]} Nd7 {[%clk 1:33:05]} 7. O-O {[%clk 1:33:17]} Be7 {[%clk 1:33:32]} 8.
Bxc6 {[%clk 1:33:43]} bxc6 {[%clk 1:33:58]} 9. Nxd4 {[%clk 1:33:54]} Nb8 {[%clk
1:34:23]} 10. Nc3 {[%clk 1:34:13]} O-O {[%clk 1:34:25]} 11. Qf3 {[%clk
1:34:37]} f6 {[%clk 1:32:38]} 12. e6 {[%clk 1:35:02]} Bc5 {[%clk 1:31:06]} 13.
Nb3 {[%clk 1:33:00]} Bd6 {[%clk 1:25:36]} 14. Re1 {[%clk 1:30:23]} Re8 {[%clk
1:23:06]} 15. Nd4 {[%clk 1:06:54]} Be5 {[%clk 1:18:46]} 16. Rxe5 {[%clk
1:06:54]} fxe5 {[%clk 1:19:02]} 17. Qf7+ {[%clk 1:07:06]} Kh8 {[%clk 1:19:26]}
18. Bg5 {[%clk 1:07:26]} Bxe6 {[%clk 1:16:47]} 19. Nxe6 {[%clk 1:07:41]} Qd7
{[%clk 1:17:09]} 20. Qxd7 {[%clk 1:07:54]} Nxd7 {[%clk 1:17:37]} 21. Nxc7
{[%clk 1:07:43]} Nc5 {[%clk 1:17:06]} 22. Nxa8 {[%clk 1:08:02]} Rxa8 {[%clk
1:17:34]} 23. Be7 {[%clk 1:07:56]} Ne6 {[%clk 1:17:34]} 24. Re1 {[%clk
1:07:56]} Re8 {[%clk 1:17:47]} 25. Bd6 {[%clk 1:07:57]} e4 {[%clk 1:17:01]} 26.
Be5 {[%clk 1:05:41]} Nc5 {[%clk 1:15:59]} 27. Bd4 {[%clk 1:05:58]} Ne6 {[%clk
1:16:20]} 28. Bxa7 {[%clk 1:06:12]} Ra8 {[%clk 1:16:35]} 29. Nxe4 {[%clk
0:59:30]} Rxa7 {[%clk 1:13:20]} 30. Nc5 {[%clk 0:59:08]} Nf8 {[%clk 1:13:02]}
31. a4 {[%clk 0:59:16]} Kg8 {[%clk 1:12:41]} 32. Re8 {[%clk 0:59:42]} Kf7
{[%clk 1:12:04]} 33. Rc8 {[%clk 0:59:49]} Ne6 {[%clk 1:12:21]} 34. Nxe6 {[%clk
0:58:59]} Kxe6 {[%clk 1:11:51]} 35. Rxc6+ {[%clk 0:57:03]} Kd7 {[%clk 1:12:12]}
36. Rc3 {[%clk 0:57:13]} Rxa4 {[%clk 1:12:21]} 37. Ra3 {[%clk 0:57:35]} Rd4
{[%clk 1:12:12]} 38. Rd3 {[%clk 0:57:13]} Rb4 {[%clk 1:12:22]} 39. b3 {[%clk
0:53:26]} Ke6 {[%clk 1:10:46]} 40. Re3+ {[%clk 0:52:45]} Kf6 {[%clk 1:10:37]}
41. Rf3+ {[%clk 0:51:45]} Ke6 {[%clk 1:09:02]} 42. g3 {[%clk 0:51:21]} Rb7
{[%clk 1:08:51]} 43. h4 {[%clk 0:51:25]} Rc7 {[%clk 1:09:04]} 44. Re3+ {[%clk
0:51:49]} Kf5 {[%clk 1:09:12]} 45. Re2 {[%clk 0:52:12]} Rc3 {[%clk 1:08:48]}
46. Kf1 {[%clk 0:51:23]} d4 {[%clk 1:09:05]} 47. Rd2 {[%clk 0:50:41]} d3 {[%clk
1:08:27]} 48. Rxd3 {[%clk 0:50:56]} Rxc2 {[%clk 1:08:51]} 49. Rd7 {[%clk
0:51:17]} Kf6 {[%clk 1:08:02]} 50. b4 {[%clk 0:51:19]} Rb2 {[%clk 1:07:37]} 51.
Rb7 {[%clk 0:51:28]} h6 {[%clk 1:07:53]} 52. b5 {[%clk 0:50:50]} g5 {[%clk
1:07:45]} 53. hxg5+ {[%clk 0:51:14]} hxg5 {[%clk 1:07:42]} 54. b6 {[%clk
0:51:32]} Kf5 {[%clk 1:07:50]} 55. Rb8 {[%clk 0:51:43]} Kg4 {[%clk 1:07:58]}
56. Ke1 {[%clk 0:49:57]} Kf3 {[%clk 1:05:09]} 57. Rf8+ {[%clk 0:46:23]} Kg2
{[%clk 1:04:54]} 58. Rf6 {[%clk 0:46:00]} g4 {[%clk 1:03:05]} 59. Kd1 {[%clk
0:46:08]} Rb5 {[%clk 1:02:11]} 60. Kc2 {[%clk 0:45:59]} Rb4 {[%clk 1:02:13]}
61. Kd3 {[%clk 0:44:39]} Kg1 {[%clk 1:01:28]} 62. Kc3 {[%clk 0:43:53]} Rxb6
{[%clk 0:59:06]} 63. Rxb6 {[%clk 0:44:21]} Kxf2 {[%clk 0:59:28]} 64. Kd4 {[%clk
0:44:33]} Kxg3 {[%clk 0:59:45]} 65. Ke3 {[%clk 0:44:55]} Kh2 {[%clk 0:59:37]}
66. Rg6 {[%clk 0:44:51]} 1-0

[Event "Deutsche Ländermeisterschaft 2018"]
[Site "Würzburg GER"]
[Date "2018.10.05"]
[Round "5"]
[White "Wu, Luka"]
[Black "Wagner, Leopold Franziskus"]
[Result "1/2-1/2"]
[Termination "normal"]
[Board "4.4"]
[WhiteElo "2001"]
[BlackElo "1941"]
[WhiteClock "00:12:28"]
[BlackClock "00:39:33"]
[WhiteTeam "Baden 2"]
[BlackTeam "Nordrhein-Westfalen"]
[PlyCount "106"]
[WhiteFideId "12977420"]
[BlackFideId "1641581"]
[EventCountry "GER"]
[EventRounds "7"]
[EventType "team-swiss"]
[EventDate "2018.10.02"]

1. e4 {[%clk 1:30:59]} c6 {[%clk 1:30:53]} 2. d4 {[%clk 1:31:19]} d5 {[%clk
1:31:19]} 3. Nc3 {[%clk 1:31:39]} dxe4 {[%clk 1:31:45]} 4. Nxe4 {[%clk
1:32:04]} Bf5 {[%clk 1:32:11]} 5. Ng3 {[%clk 1:32:16]} Bg6 {[%clk 1:32:36]} 6.
h4 {[%clk 1:32:11]} h6 {[%clk 1:33:02]} 7. h5 {[%clk 1:32:37]} Bh7 {[%clk
1:33:28]} 8. Nf3 {[%clk 1:33:03]} e6 {[%clk 1:33:42]} 9. Bd3 {[%clk 1:32:52]}
Bxd3 {[%clk 1:34:07]} 10. Qxd3 {[%clk 1:33:18]} Nf6 {[%clk 1:34:26]} 11. Bd2
{[%clk 1:30:54]} Nbd7 {[%clk 1:34:27]} 12. O-O-O {[%clk 1:29:57]} Bd6 {[%clk
1:32:56]} 13. Ne2 {[%clk 1:26:37]} Ng4 {[%clk 1:30:06]} 14. Be3 {[%clk
1:20:13]} Ndf6 {[%clk 1:29:11]} 15. Kb1 {[%clk 1:17:12]} Nd5 {[%clk 1:27:26]}
16. Rdf1 {[%clk 1:14:54]} Qc7 {[%clk 1:24:17]} 17. c4 {[%clk 1:13:38]} Ndxe3
{[%clk 1:23:00]} 18. fxe3 {[%clk 1:13:50]} O-O-O {[%clk 1:18:58]} 19. Nd2
{[%clk 1:09:30]} Rhf8 {[%clk 1:05:20]} 20. Nc3 {[%clk 1:01:41]} f5 {[%clk
1:03:27]} 21. Ne2 {[%clk 0:56:31]} Kb8 {[%clk 1:01:14]} 22. Qc3 {[%clk
0:55:10]} e5 {[%clk 0:59:42]} 23. c5 {[%clk 0:52:37]} Be7 {[%clk 0:59:27]} 24.
Nc4 {[%clk 0:52:57]} Bf6 {[%clk 0:55:42]} 25. Rxf5 {[%clk 0:47:43]} exd4 {[%clk
0:55:51]} 26. exd4 {[%clk 0:48:03]} Qe7 {[%clk 0:54:22]} 27. Qf3 {[%clk
0:45:00]} Rfe8 {[%clk 0:51:47]} 28. Ng3 {[%clk 0:16:22]} Ne3 {[%clk 0:49:14]}
29. Nd6 {[%clk 0:16:34]} Nxf5 {[%clk 0:39:05]} 30. Ngxf5 {[%clk 0:16:47]} Qe2
{[%clk 0:39:20]} 31. Qb3 {[%clk 0:16:20]} Re7 {[%clk 0:26:30]} 32. Nxe7 {[%clk
0:15:08]} Qxe7 {[%clk 0:26:44]} 33. Qb4 {[%clk 0:09:44]} Qd7 {[%clk 0:22:42]}
34. Rh3 {[%clk 0:08:21]} Be7 {[%clk 0:21:51]} 35. Rf3 {[%clk 0:02:18]} Bxd6
{[%clk 0:21:48]} 36. cxd6 {[%clk 0:02:42]} Qxd6 {[%clk 0:21:39]} 37. Qxd6+
{[%clk 0:02:44]} Rxd6 {[%clk 0:22:05]} 38. Rg3 {[%clk 0:02:53]} Rd7 {[%clk
0:22:11]} 39. Rg6 {[%clk 0:02:39]} Kc8 {[%clk 0:21:03]} 40. Kc2 {[%clk
0:01:44]} Kd8 {[%clk 0:21:13]} 41. Kc3 {[%clk 0:01:43]} Ke8 {[%clk 0:21:34]}
42. Rg4 {[%clk 0:01:02]} Kf7 {[%clk 0:21:15]} 43. Rf4+ {[%clk 0:27:41]} Ke6
{[%clk 0:51:23]} 44. g4 {[%clk 0:25:56]} Re7 {[%clk 0:48:48]} 45. Kd3 {[%clk
0:22:26]} Rf7 {[%clk 0:48:47]} 46. Rxf7 {[%clk 0:14:26]} Kxf7 {[%clk 0:49:10]}
47. Ke4 {[%clk 0:14:51]} Ke6 {[%clk 0:49:29]} 48. b3 {[%clk 0:13:47]} b6 {[%clk
0:48:41]} 49. b4 {[%clk 0:13:28]} b5 {[%clk 0:48:57]} 50. a3 {[%clk 0:13:33]}
a6 {[%clk 0:46:14]} 51. Ke3 {[%clk 0:13:01]} Ke7 {[%clk 0:40:29]} 52. Ke4
{[%clk 0:13:16]} Ke6 {[%clk 0:40:27]} 53. Ke3 {[%clk 0:12:28]} Ke7 {[%clk
0:39:33]} 1/2-1/2

[Event "Deutsche Ländermeisterschaft 2018"]
[Site "Würzburg GER"]
[Date "2018.10.05"]
[Round "5"]
[White "Arakelian, Aik"]
[Black "Riegel, Arinna"]
[Result "0-1"]
[Termination "normal"]
[Board "4.5"]
[WhiteElo "1879"]
[BlackElo "1881"]
[WhiteClock "00:22:30"]
[BlackClock "00:13:30"]
[WhiteTeam "Nordrhein-Westfalen"]
[BlackTeam "Baden 2"]
[PlyCount "58"]
[WhiteFideId "16220340"]
[BlackFideId "12931446"]
[EventCountry "GER"]
[EventRounds "7"]
[EventType "team-swiss"]
[EventDate "2018.10.02"]

1. e4 {[%clk 1:30:50]} c5 {[%clk 1:30:54]} 2. Nf3 {[%clk 1:30:51]} a6 {[%clk
1:30:55]} 3. d4 {[%clk 1:31:02]} cxd4 {[%clk 1:31:20]} 4. Nxd4 {[%clk 1:31:27]}
Nf6 {[%clk 1:31:30]} 5. Nc3 {[%clk 1:31:51]} Qc7 {[%clk 1:31:49]} 6. Qf3 {[%clk
1:31:41]} e6 {[%clk 1:31:41]} 7. g4 {[%clk 1:31:32]} h6 {[%clk 1:30:37]} 8. Be2
{[%clk 1:22:40]} Nc6 {[%clk 1:29:51]} 9. Nxc6 {[%clk 1:21:42]} bxc6 {[%clk
1:29:14]} 10. g5 {[%clk 1:18:17]} hxg5 {[%clk 1:28:40]} 11. Bxg5 {[%clk
1:18:41]} Be7 {[%clk 1:29:05]} 12. h4 {[%clk 1:19:02]} d5 {[%clk 1:28:19]} 13.
O-O-O {[%clk 1:16:57]} Rb8 {[%clk 1:20:08]} 14. exd5 {[%clk 1:11:53]} cxd5
{[%clk 1:20:08]} 15. Bf4 {[%clk 1:10:08]} Bd6 {[%clk 1:19:50]} 16. Bxd6 {[%clk
1:10:07]} Qxd6 {[%clk 1:20:19]} 17. Ne4 {[%clk 1:08:42]} Nxe4 {[%clk 1:18:50]}
18. Qxe4 {[%clk 1:08:24]} Rb4 {[%clk 1:06:18]} 19. c4 {[%clk 0:50:37]} Rxb2
{[%clk 0:57:34]} 20. Qe3 {[%clk 0:42:28]} Rxa2 {[%clk 0:55:11]} 21. Rxd5 {[%clk
0:30:44]} Qb4 {[%clk 0:49:33]} 22. Qe5 {[%clk 0:28:48]} Qa3+ {[%clk 0:48:36]}
23. Kd1 {[%clk 0:28:35]} Ra1+ {[%clk 0:48:34]} 24. Kd2 {[%clk 0:28:57]} Rxh1
{[%clk 0:47:51]} 25. Qxg7 {[%clk 0:28:34]} Qa1 {[%clk 0:45:49]} 26. Rd4 {[%clk
0:28:31]} Qa5+ {[%clk 0:43:16]} 27. Ke3 {[%clk 0:27:58]} R1xh4 {[%clk 0:34:25]}
28. Bg4 {[%clk 0:24:34]} Qe1+ {[%clk 0:14:37]} 29. Be2 {[%clk 0:22:30]} Qc3+
{[%clk 0:13:30]} 0-1

[Event "Deutsche Ländermeisterschaft 2018"]
[Site "Würzburg GER"]
[Date "2018.10.05"]
[Round "5"]
[White "Amato, Cristiano"]
[Black "Müdder, Melanie"]
[Result "1/2-1/2"]
[Termination "normal"]
[Board "4.6"]
[WhiteElo "1661"]
[BlackElo "1826"]
[WhiteClock "00:46:11"]
[BlackClock "00:06:02"]
[WhiteTeam "Baden 2"]
[BlackTeam "Nordrhein-Westfalen"]
[PlyCount "75"]
[WhiteFideId "12998460"]
[BlackFideId "12994103"]
[EventCountry "GER"]
[EventRounds "7"]
[EventType "team-swiss"]
[EventDate "2018.10.02"]

1. e4 {[%clk 1:30:49]} c5 {[%clk 1:30:57]} 2. Nc3 {[%clk 1:31:14]} Nc6 {[%clk
1:31:18]} 3. Bb5 {[%clk 1:31:38]} Nd4 {[%clk 1:31:37]} 4. Bc4 {[%clk 1:31:59]}
e6 {[%clk 1:31:43]} 5. Nge2 {[%clk 1:31:58]} Nf6 {[%clk 1:31:12]} 6. O-O {[%clk
1:31:52]} a6 {[%clk 1:30:54]} 7. d3 {[%clk 1:31:55]} b5 {[%clk 1:14:52]} 8. Bb3
{[%clk 1:32:11]} Nxb3 {[%clk 1:13:29]} 9. axb3 {[%clk 1:32:37]} Bb7 {[%clk
1:12:14]} 10. f4 {[%clk 1:31:18]} d5 {[%clk 1:10:25]} 11. e5 {[%clk 1:31:19]}
Nd7 {[%clk 1:08:37]} 12. f5 {[%clk 1:29:55]} Nxe5 {[%clk 1:04:42]} 13. fxe6
{[%clk 1:29:59]} f6 {[%clk 1:01:30]} 14. Nf4 {[%clk 1:18:00]} Be7 {[%clk
0:54:45]} 15. Qh5+ {[%clk 1:13:35]} g6 {[%clk 0:50:59]} 16. Qh6 {[%clk
1:10:48]} Bf8 {[%clk 0:44:50]} 17. Qh3 {[%clk 1:09:53]} Be7 {[%clk 0:37:55]}
18. Qh6 {[%clk 1:10:06]} Bf8 {[%clk 0:37:57]} 19. Qh3 {[%clk 1:10:23]} Be7
{[%clk 0:24:46]} 20. Bd2 {[%clk 1:10:04]} O-O {[%clk 0:23:49]} 21. Rae1 {[%clk
1:06:16]} b4 {[%clk 0:21:12]} 22. Nd1 {[%clk 1:04:54]} Qb6 {[%clk 0:18:51]} 23.
Kh1 {[%clk 1:03:09]} Qd6 {[%clk 0:17:16]} 24. Re3 {[%clk 1:00:10]} f5 {[%clk
0:16:23]} 25. Rg3 {[%clk 0:54:03]} d4 {[%clk 0:08:48]} 26. Nf2 {[%clk 0:50:34]}
Bc8 {[%clk 0:07:38]} 27. Qh6 {[%clk 0:50:07]} Bxe6 {[%clk 0:04:40]} 28. Nxg6
{[%clk 0:43:34]} hxg6 {[%clk 0:04:00]} 29. Rxg6+ {[%clk 0:43:38]} Nxg6 {[%clk
0:03:04]} 30. Qxg6+ {[%clk 0:44:00]} Kh8 {[%clk 0:03:24]} 31. Qh6+ {[%clk
0:44:04]} Kg8 {[%clk 0:03:42]} 32. Qg6+ {[%clk 0:44:21]} Kh8 {[%clk 0:04:07]}
33. Qh6+ {[%clk 0:44:44]} Kg8 {[%clk 0:04:34]} 34. Qg6+ {[%clk 0:44:58]} Kh8
{[%clk 0:04:58]} 35. Qh6+ {[%clk 0:45:20]} Kg8 {[%clk 0:05:21]} 36. Qg6+ {[%clk
0:45:44]} Kh8 {[%clk 0:05:45]} 37. Qh6+ {[%clk 0:46:04]} Kg8 {[%clk 0:06:02]}
38. Qg6+ {[%clk 0:46:11]} 1/2-1/2

[Event "Deutsche Ländermeisterschaft 2018"]
[Site "Würzburg GER"]
[Date "2018.10.05"]
[Round "5"]
[White "Bashylina, Luisa"]
[Black "Grining, Maria"]
[Result "1/2-1/2"]
[Termination "normal"]
[Board "4.7"]
[WhiteElo "1837"]
[BlackElo "1572"]
[WhiteClock "00:21:19"]
[BlackClock "00:16:43"]
[WhiteTeam "Nordrhein-Westfalen"]
[BlackTeam "Baden 2"]
[PlyCount "57"]
[WhiteFideId "12983292"]
[BlackFideId "16235037"]
[EventCountry "GER"]
[EventRounds "7"]
[EventType "team-swiss"]
[EventDate "2018.10.02"]

1. e4 {[%clk 1:30:58]} c6 {[%clk 1:30:57]} 2. Nf3 {[%clk 1:31:16]} d5 {[%clk
1:31:11]} 3. exd5 {[%clk 1:31:43]} cxd5 {[%clk 1:31:35]} 4. Ne5 {[%clk
1:32:10]} Nc6 {[%clk 1:31:47]} 5. d4 {[%clk 1:32:35]} e6 {[%clk 1:31:33]} 6. c3
{[%clk 1:32:45]} Bd6 {[%clk 1:31:45]} 7. f4 {[%clk 1:32:57]} Nge7 {[%clk
1:28:39]} 8. Bd3 {[%clk 1:32:26]} Nf5 {[%clk 1:07:54]} 9. O-O {[%clk 1:29:32]}
g6 {[%clk 1:03:10]} 10. Qe2 {[%clk 1:25:33]} O-O {[%clk 1:00:41]} 11. Nd2
{[%clk 1:20:22]} Re8 {[%clk 0:57:07]} 12. Ndf3 {[%clk 1:17:04]} f6 {[%clk
0:48:46]} 13. Nxc6 {[%clk 1:16:06]} bxc6 {[%clk 0:49:01]} 14. Qc2 {[%clk
1:14:26]} Qc7 {[%clk 0:44:55]} 15. g4 {[%clk 1:09:58]} Ng7 {[%clk 0:44:45]} 16.
f5 {[%clk 0:56:57]} exf5 {[%clk 0:42:08]} 17. g5 {[%clk 0:53:22]} Nh5 {[%clk
0:36:51]} 18. c4 {[%clk 0:49:23]} c5 {[%clk 0:31:22]} 19. gxf6 {[%clk 0:47:29]}
Nxf6 {[%clk 0:31:14]} 20. cxd5 {[%clk 0:45:45]} cxd4 {[%clk 0:29:34]} 21. Nxd4
{[%clk 0:35:38]} Qxc2 {[%clk 0:25:38]} 22. Nxc2 {[%clk 0:35:44]} Bc5+ {[%clk
0:25:22]} 23. Kg2 {[%clk 0:35:32]} Nxd5 {[%clk 0:23:52]} 24. Bc4 {[%clk
0:34:01]} Bb7 {[%clk 0:23:41]} 25. Rd1 {[%clk 0:32:40]} Rad8 {[%clk 0:20:32]}
26. b4 {[%clk 0:23:21]} Bb6 {[%clk 0:17:25]} 27. Bg5 {[%clk 0:22:47]} Rd6
{[%clk 0:16:29]} 28. Bf4 {[%clk 0:21:21]} Rdd8 {[%clk 0:16:43]} 29. a4 {[%clk
0:21:19]} 1/2-1/2

[Event "Deutsche Ländermeisterschaft 2018"]
[Site "Würzburg GER"]
[Date "2018.10.05"]
[Round "5"]
[White "Fischer, Darja"]
[Black "Möller, Lisa-Marie"]
[Result "0-1"]
[Termination "normal"]
[Board "4.8"]
[WhiteElo "1456"]
[BlackElo "1868"]
[WhiteClock "00:29:11"]
[BlackClock "00:07:39"]
[WhiteTeam "Baden 2"]
[BlackTeam "Nordrhein-Westfalen"]
[PlyCount "148"]
[WhiteFideId "16240898"]
[BlackFideId "12959367"]
[EventCountry "GER"]
[EventRounds "7"]
[EventType "team-swiss"]
[EventDate "2018.10.02"]

1. e4 {[%clk 1:30:58]} c5 {[%clk 1:30:55]} 2. Nf3 {[%clk 1:31:21]} e6 {[%clk
1:31:20]} 3. d4 {[%clk 1:31:32]} cxd4 {[%clk 1:31:44]} 4. Nxd4 {[%clk 1:31:55]}
a6 {[%clk 1:32:09]} 5. Nc3 {[%clk 1:31:49]} b5 {[%clk 1:32:28]} 6. a3 {[%clk
1:31:31]} Bb7 {[%clk 1:32:16]} 7. Be2 {[%clk 1:28:19]} Qc7 {[%clk 1:31:28]} 8.
O-O {[%clk 1:24:42]} Nf6 {[%clk 1:29:47]} 9. Bf3 {[%clk 1:23:17]} d6 {[%clk
1:27:55]} 10. Re1 {[%clk 1:22:25]} Nbd7 {[%clk 1:25:01]} 11. Bg5 {[%clk
1:18:17]} Be7 {[%clk 1:22:38]} 12. h3 {[%clk 1:16:42]} O-O {[%clk 1:17:41]} 13.
Qd2 {[%clk 1:15:18]} Ne5 {[%clk 1:14:23]} 14. Rad1 {[%clk 1:10:54]} Nc4 {[%clk
1:11:35]} 15. Qc1 {[%clk 1:11:02]} Rab8 {[%clk 0:55:39]} 16. Rd3 {[%clk
0:58:55]} Ba8 {[%clk 0:49:48]} 17. b3 {[%clk 0:53:04]} Ne5 {[%clk 0:45:39]} 18.
Rde3 {[%clk 0:53:21]} Rfc8 {[%clk 0:39:10]} 19. Bd1 {[%clk 0:46:20]} b4 {[%clk
0:34:19]} 20. axb4 Rxb4 {[%clk 0:33:53]} 21. Qd2 {[%clk 0:42:57]} Qc5 {[%clk
0:28:01]} 22. Nf3 {[%clk 0:39:52]} Nxf3+ {[%clk 0:21:17]} 23. Rxf3 {[%clk
0:38:54]} Rb7 {[%clk 0:13:30]} 24. Rd3 {[%clk 0:34:42]} Qb4 {[%clk 0:08:40]}
25. Bf3 {[%clk 0:31:04]} Rbc7 {[%clk 0:07:55]} 26. Ree3 {[%clk 0:30:55]} Kf8
{[%clk 0:05:27]} 27. Kf1 {[%clk 0:30:46]} Bc6 {[%clk 0:03:36]} 28. Nb1 {[%clk
0:29:49]} Qxd2 {[%clk 0:01:26]} 29. Rxd2 {[%clk 0:29:28]} d5 {[%clk 0:00:55]}
30. exd5 {[%clk 0:28:35]} Nxd5 {[%clk 0:00:46]} 31. Bxe7+ {[%clk 0:28:27]} Nxe7
{[%clk 0:01:03]} 32. Red3 {[%clk 0:27:50]} Nf5 {[%clk 0:00:55]} 33. Bxc6 Rxc6
{[%clk 0:01:21]} 34. c4 {[%clk 0:26:37]} Ke7 {[%clk 0:01:03]} 35. Ke2 {[%clk
0:26:06]} Nd6 {[%clk 0:00:51]} 36. Nc3 {[%clk 0:25:03]} Rb8 {[%clk 0:00:40]}
37. Nd1 {[%clk 0:22:44]} Ne4 {[%clk 0:00:42]} 38. Rb2 {[%clk 0:22:42]} Nc5
{[%clk 0:00:49]} 39. Rg3 {[%clk 0:22:27]} g6 {[%clk 0:00:55]} 40. b4 {[%clk
0:20:34]} Ne4 {[%clk 0:00:43]} 41. Rg4 {[%clk 0:20:20]} f5 {[%clk 0:26:45]} 42.
Rh4 {[%clk 0:50:31]} h5 {[%clk 0:23:00]} 43. c5 {[%clk 0:48:56]} a5 {[%clk
0:19:24]} 44. f3 {[%clk 0:47:34]} Nf6 {[%clk 0:19:12]} 45. Rc4 {[%clk 0:47:10]}
axb4 {[%clk 0:18:59]} 46. Nf2 {[%clk 0:45:49]} Nd5 {[%clk 0:17:36]} 47. Nd3
{[%clk 0:45:17]} Kf6 {[%clk 0:16:56]} 48. g3 {[%clk 0:44:29]} Rb5 {[%clk
0:14:11]} 49. f4 {[%clk 0:43:16]} Kg7 {[%clk 0:12:14]} 50. h4 {[%clk 0:43:20]}
Ra5 {[%clk 0:10:30]} 51. Rb3 {[%clk 0:38:17]} Nc3+ {[%clk 0:08:09]} 52. Kf3
{[%clk 0:35:29]} Ne4 {[%clk 0:06:24]} 53. Rc2 {[%clk 0:35:06]} Ra3 {[%clk
0:05:43]} 54. Rxa3 {[%clk 0:34:39]} bxa3 {[%clk 0:06:10]} 55. Kg2 {[%clk
0:34:00]} Ra6 {[%clk 0:04:22]} 56. c6 {[%clk 0:33:44]} a2 {[%clk 0:04:18]} 57.
c7 {[%clk 0:33:38]} Nd6 {[%clk 0:04:33]} 58. Nb4 {[%clk 0:32:11]} a1=Q {[%clk
0:04:45]} 59. Nxa6 {[%clk 0:32:21]} Qxa6 {[%clk 0:05:03]} 60. Kf2 {[%clk
0:31:58]} Qc8 {[%clk 0:04:55]} 61. Ke3 {[%clk 0:31:37]} Nb5 {[%clk 0:04:59]}
62. Rc5 {[%clk 0:31:26]} Nxc7 {[%clk 0:05:14]} 63. Kd4 {[%clk 0:31:15]} Kf6
{[%clk 0:04:28]} 64. Kd3 {[%clk 0:30:47]} Qd7+ {[%clk 0:05:08]} 65. Ke3 {[%clk
0:30:37]} Nd5+ {[%clk 0:05:25]} 66. Kf3 {[%clk 0:30:00]} Qa4 {[%clk 0:05:43]}
67. Rc8 {[%clk 0:29:25]} Qd1+ {[%clk 0:05:12]} 68. Kf2 {[%clk 0:29:09]} Qd2+
{[%clk 0:05:36]} 69. Kf3 {[%clk 0:28:41]} Qe3+ {[%clk 0:06:01]} 70. Kg2 {[%clk
0:29:07]} Qe2+ {[%clk 0:06:26]} 71. Kh3 {[%clk 0:28:52]} Ne3 {[%clk 0:06:38]}
72. Rf8+ {[%clk 0:28:37]} Kg7 {[%clk 0:06:56]} 73. Rf7+ {[%clk 0:28:45]} Kxf7
{[%clk 0:07:16]} 74. g4 {[%clk 0:29:11]} Qg2# {[%clk 0:07:39]} 0-1

[Event "Deutsche Ländermeisterschaft 2018"]
[Site "Würzburg GER"]
[Date "2018.10.05"]
[Round "5"]
[White "Schneider, Jana"]
[Black "Kuznecovs, Nikita"]
[Result "0-1"]
[Termination "normal"]
[Board "5.1"]
[WhiteTitle "FM"]
[WhiteElo "2190"]
[BlackElo "2186"]
[WhiteClock "00:25:41"]
[BlackClock "00:16:03"]
[WhiteTeam "Bayern 1"]
[BlackTeam "Thüringen"]
[PlyCount "94"]
[WhiteFideId "12924997"]
[BlackFideId "11604557"]
[EventCountry "GER"]
[EventRounds "7"]
[EventType "team-swiss"]
[EventDate "2018.10.02"]

1. e4 {[%clk 1:30:56]} e6 {[%clk 1:30:56]} 2. d4 {[%clk 1:31:16]} d5 {[%clk
1:31:21]} 3. Nd2 {[%clk 1:31:40]} Be7 {[%clk 1:31:47]} 4. e5 {[%clk 1:31:40]}
c5 {[%clk 1:32:12]} 5. c3 {[%clk 1:31:55]} cxd4 {[%clk 1:32:10]} 6. cxd4 {[%clk
1:32:16]} Qb6 {[%clk 1:32:08]} 7. Ngf3 {[%clk 1:31:25]} Nc6 {[%clk 1:32:19]} 8.
Nb3 {[%clk 1:27:36]} a5 {[%clk 1:28:09]} 9. Be3 {[%clk 1:16:50]} a4 {[%clk
1:26:10]} 10. Nbd2 {[%clk 1:15:52]} Qxb2 {[%clk 1:24:10]} 11. Bd3 {[%clk
1:15:18]} Qc3 {[%clk 1:13:41]} 12. Bb5 {[%clk 1:14:29]} Nh6 {[%clk 1:05:36]}
13. O-O {[%clk 1:03:08]} Nf5 {[%clk 1:02:51]} 14. Re1 {[%clk 1:02:05]} Nxe3
{[%clk 0:50:59]} 15. Rxe3 {[%clk 0:54:48]} Qa5 {[%clk 0:51:10]} 16. Bxc6+
{[%clk 0:52:58]} bxc6 {[%clk 0:51:30]} 17. Rc1 {[%clk 0:52:41]} Bd7 {[%clk
0:45:04]} 18. Rec3 Bb4 {[%clk 0:39:26]} 19. R3c2 {[%clk 0:47:40]} Ba3 {[%clk
0:39:00]} 20. Rb1 {[%clk 0:47:12]} O-O {[%clk 0:33:30]} 21. Ng5 {[%clk
0:39:26]} h6 {[%clk 0:30:03]} 22. Nh3 {[%clk 0:36:51]} c5 {[%clk 0:28:07]} 23.
Qg4 {[%clk 0:33:20]} cxd4 {[%clk 0:26:50]} 24. Nf4 {[%clk 0:31:05]} Rfb8 {[%clk
0:23:54]} 25. Rd1 {[%clk 0:28:25]} Bf8 {[%clk 0:23:18]} 26. Nf1 {[%clk
0:23:16]} d3 {[%clk 0:19:50]} 27. Rxd3 {[%clk 0:18:55]} Rb1 {[%clk 0:19:38]}
28. Rd1 {[%clk 0:18:17]} Rxd1 {[%clk 0:14:07]} 29. Qxd1 {[%clk 0:18:37]} Rc8
{[%clk 0:12:34]} 30. Rb2 {[%clk 0:15:53]} a3 {[%clk 0:12:55]} 31. Rb1 {[%clk
0:13:57]} Qa4 {[%clk 0:11:06]} 32. Qf3 {[%clk 0:10:43]} Qc2 {[%clk 0:09:53]}
33. Rb7 {[%clk 0:10:13]} Rc7 {[%clk 0:04:56]} 34. Rb8 {[%clk 0:10:02]} Bc8
{[%clk 0:05:20]} 35. Nh5 {[%clk 0:07:53]} Qf5 {[%clk 0:04:46]} 36. Qxf5 {[%clk
0:02:00]} exf5 {[%clk 0:05:13]} 37. Nf4 {[%clk 0:01:19]} d4 {[%clk 0:03:23]}
38. g3 {[%clk 0:00:41]} Be6 {[%clk 0:01:52]} 39. Nxe6 {[%clk 0:00:40]} fxe6
{[%clk 0:02:19]} 40. Rd8 {[%clk 0:01:01]} Rc2 {[%clk 0:01:01]} 41. Rxd4 {[%clk
0:01:07]} Rxa2 {[%clk 0:00:39]} 42. Ra4 {[%clk 0:00:35]} Bc5 {[%clk 0:20:08]}
43. Ne3 {[%clk 0:31:18]} Rb2 {[%clk 0:19:06]} 44. Nc4 {[%clk 0:28:50]} Rxf2
{[%clk 0:17:38]} 45. Ra8+ {[%clk 0:27:31]} Kh7 {[%clk 0:18:00]} 46. Na5 {[%clk
0:25:49]} Rf4+ {[%clk 0:15:40]} 47. Kg2 {[%clk 0:25:41]} Ra4 {[%clk 0:16:03]}
0-1